00688cam a2200169 a 450000100100000000500170001000800410002704000250006808200160009324500770010926000550018630000270024165000510026870000570031995201270037699900150050300000142220200929145555.0821020s1955 xxu 001 0 eng  aDO-SdBNPbspacBNPHU a820.9bI31w04aThe Image of the work :bessays in criticism /cB. H. Lehman... [et al]. aBerkeley :bUniversity of California Press,c1955. aviii, 265 p. ;c24 cm. 4aLiteratura inglesaxHistoria y crítica947321 aLehman, B. H.q(Benjamin Harrison),d1889-197794733 001052708MOaGRbGRcHDd2009-09-15e002344iLF1l0o820.9 I31wp1422-10r2020-06-25w2020-06-25y2ZPréstamo interno c1339d1339